00866nam a2200205 a 450000500170000000800410001704100080005810000230006624500940008925001440018326000310032730000510035850001250040965300140053465300290054865300110057765300340058865300150062265300230063720240412121703.0100302t1965||||sp al. f | 001 0 spa d aspa1 aSpalteholz, Werner aAtlas de Anatomía Humana.bT.1 Huesos, Articulaciones y Ligamentos /cWerner Spalteholz a2a ed. 2a reimp. versión en español de la 14a ed. alemanabTraducción E. Pons Tortella ; Revisada y ampliada Santiago Vilahur Pedrals aBarcelona: bLabor;c1965. a1-316 p.bil. 1100 figuras en negro y en color aSpalteholz, W. (1965). Atlas de anatomía humana. T.1 Huesos, Articulaciones y Ligamentos. (2a ed.). Barcelona : Labor. aEsqueleto aEstructura de los huesos aHuesos aArticulación temporomaxilar aLigamentos aRoentgenografías